| 000 | 01231nam a2200301 a 4500 | ||
|---|---|---|---|
| 001 | BRCA_3417 | ||
| 005 | 20190320204255.0 | ||
| 041 | _aeng | ||
| 044 | _aenk | ||
| 084 |
_a706 _b.W45 _c1931 |
||
| 100 | 1 |
_aCervantes Saavedra, Miguel de _d1547-1616 _9213 |
|
| 245 | 1 | 0 |
_aThe History of Don Quixote _cArrangued by A. A. Methley. |
| 260 |
_aLondres _bWells Gardner and Co. _c1931 |
||
| 300 |
_a1 v. en 2 partes (xii, 313 p.) _bil _c21 cm. |
||
| 500 | _aEdición : Illustrated by Gordon Browne | ||
| 500 | _aEdición abreviada por A. A. Methley e ilustrada por Gordon Browne. Impresa en claros tipos y excelente papel. Tela; lomo y plano ilustrados con asuntos quijotiles en color Lúdovik Osterc | ||
| 500 | _aQM1410 | ||
| 546 | _aTexto en : inglés | ||
| 650 | 1 | 4 |
_aNovela española _yÉpoca clásica, 1500-1700 _9215 |
| 650 | 1 | 4 |
_aLiteratura española _yÉpoca clásica, 1500-1700 _9216 |
| 650 | 1 | 4 |
_aNovela española _ySiglo XVII _9217 |
| 650 | 1 | 4 |
_aDon Quijote (Personaje ficticio) _eNovela _9218 |
| 700 | 1 |
_aMethley, Alice Augusta _d1871-1934 _eEditora _98968 |
|
| 700 | 1 |
_aBrowne, Gordon Frederick _d1858–1932 _eIlustrador _98969 |
|
| 740 | 0 | _aEl Ingenioso Hidalgo Don Quijote de la Mancha | |
| 902 | _aQFM | ||
| 942 |
_2lcc _cB |
||
| 999 |
_c3153 _d3153 |
||